LEADER 00700nam a2200169 i 4500 001 000000236106 003 CaOOAMICUS 005 20141124000000.0 008 141124s1846 xx u000 u lat u 013 $a215010 040 $aSeMil$bita 245 10$aTomus 11. continens pontificatus Pii 7. annum primum ad tertium. 300 $aXXI, 510 p. 773 0 $aChiesa Cattolica$tBullarii Romani continuatio.$dRomae : Ex Typographia Reverendae Camerae Apostolicae, 1835-1857.$g11$w()30990 850 $aSeMil 852 $aSeMil$W1$xVenegono$y1$m2K VIII 50 FA$j186452$B186452$CSeMilBibl$Z2$F197253 $8I 996 $6245$aTomus 11. continens pontificatus Pii 7. annum primum ad tertium$9(OLS)http://semarc/title/336497 LEADER 01025nam a2200181 i 4500 001 000000054783 003 CaOOAMICUS 005 19970603000000.0 008 970603n xx u000 u ger u 013 $a25955 040 $aSeMil$bita 100 1 $aWeber, Helmut <1930- >.$0(OLS)http://semarc/name/24178 245 14$aDie Neuheit des Gebotes der Nächstenliebe im Neuen Testament. Roma :$b[s.n.], 1962. ((Excerpta ex dissertatione ad Lauream in Facultate Theologica Pontificiae Universitatis Gregorianae. 650 4$aTesi di laurea.$0(OLS)http://semarc/subject/1690 650 4$aBibbia. Nuovo Testamento - Commentari, studi, critica, interpretazioni.$0(OLS)http://semarc/subject/184 850 $aSeMil 852 $aSeMil$W1$xVenegono$y1$m2I II 145$j20937$B20937$CSeMilBibl$Z2$F20939 $81 996 $6245$aDie Neuheit des Gebotes der Nächstenliebe im Neuen Testament. Roma :$b[s.n.], 1962. ((Excerpta ex dissertatione ad Lauream in Facultate Theologica Pontificiae Universitatis Gregorianae.$9(OLS)http://semarc/title/84881